ბათუმის შოთა რუსთაველის სახელმწიფო უნივერსიტეტის ბიბლიოთეკა

ქართული მწერლობა 40 ტომად. ტ.27. ივანე გომართელი,ფილიპე გოგიჩაიშვილი (ბიბ.ჩანაწერი № 43649)

000 -LEADER
fixed length control field 01075nam a2200217Ia 4500
001 - CONTROL NUMBER
control field 10388
003 - CONTROL NUMBER IDENTIFIER
control field GE_BSU
008 - FIXED-LENGTH DATA ELEMENTS--GENERAL INFORMATION
fixed length control field 181216s||||||||xx |||||||||||||| ||und||
020 ## - INTERNATIONAL STANDARD BOOK NUMBER
International Standard Book Number 9789992847468
040 ## - CATALOGING SOURCE
Transcribing agency GE_BSU
080 ## - UNIVERSAL DECIMAL CLASSIFICATION NUMBER
Universal Decimal Classification number 821.353.1+821.353.1.09+821.353.1-92+821.353.1-94
245 ## - TITLE STATEMENT
Title ქართული მწერლობა 40 ტომად. ტ.27. ივანე გომართელი,ფილიპე გოგიჩაიშვილი
245 ## - TITLE STATEMENT
Remainder of title გიორგი ლასხიშვილი,სამსონ ფირცხალავა
245 ## - TITLE STATEMENT
Statement of responsibility, etc. შემდგ.ა.ბაქრაძე.რ.თვარაძე.სარედ.კოლ.ა.ბაქრაძე და სხვ.ტომის შემდგ.–რედ.მარი წერეთელი,მხატვ.გურამ ღლონტი
260 ## - PUBLICATION, DISTRIBUTION, ETC.
Place of publication, distribution, etc. თბილისი
260 ## - PUBLICATION, DISTRIBUTION, ETC.
Name of publisher, distributor, etc. ნაკადული
260 ## - PUBLICATION, DISTRIBUTION, ETC.
Date of publication, distribution, etc. 2006
300 ## - PHYSICAL DESCRIPTION
Extent 640გვ.20სმ.
653 ## - INDEX TERM--UNCONTROLLED
Uncontrolled term ქართული მწერლობა
942 ## - ADDED ENTRY ELEMENTS (KOHA)
Koha item type წიგნი
ეგზემპლარები
Withdrawn status Lost status Damaged status Not for loan Date acquired Barcode Date last seen Price effective from Koha item type
        2018-12-17 34128 2018-12-17 2018-12-17 წიგნი